Studies on the effect of cross pollination by honeybee apis mellifera l., on improving seed production in some vegetable crops / (رقم التسجيلة. 179882)
[ عرض عادي ]
| 000 -LEADER | |
|---|---|
| fixed length control field | 06561namaa22004451i 4500 |
| 003 - CONTROL NUMBER IDENTIFIER | |
| control field | EG-GICUC |
| 005 - أخر تعامل مع التسجيلة | |
| control field | 20260501200419.0 |
| 008 - FIXED-LENGTH DATA ELEMENTS--GENERAL INFORMATION | |
| fixed length control field | 260501s2022 ua a|||frm||| 000 0 eng d |
| 040 ## - CATALOGING SOURCE | |
| Original cataloguing agency | EG-GICUC |
| Language of cataloging | eng |
| Transcribing agency | EG-GICUC |
| Modifying agency | EG-GICUC |
| Description conventions | rda |
| 041 0# - LANGUAGE CODE | |
| Language code of text/sound track or separate title | eng |
| Language code of summary or abstract | eng |
| -- | ara |
| 049 ## - Acquisition Source | |
| Acquisition Source | Deposit |
| 082 04 - DEWEY DECIMAL CLASSIFICATION NUMBER | |
| Classification number | 560 |
| 092 ## - LOCALLY ASSIGNED DEWEY CALL NUMBER (OCLC) | |
| Classification number | 560 |
| Edition number | 21 |
| 097 ## - Degree | |
| Degree | Ph.D |
| 099 ## - LOCAL FREE-TEXT CALL NUMBER (OCLC) | |
| Local Call Number | Cai01.07.14.Ph.D.2022.DI.S |
| 100 0# - MAIN ENTRY--PERSONAL NAME | |
| Authority record control number or standard number | Diaa ElDin Mohamed Yousef Ahmed, |
| Preparation | preparation. |
| 245 10 - TITLE STATEMENT | |
| Title | Studies on the effect of cross pollination by honeybee apis mellifera l., on improving seed production in some vegetable crops / |
| Statement of responsibility, etc. | by Diaa ElDin Mohamed Yousef Ahmed ; Supervisors Mohamed Mohamed Shaheen ,Hassan Ali Hassan,Yasser Essam Elenany |
| 246 15 - VARYING FORM OF TITLE | |
| Title proper/short title | دراسات على تأثير التلقيح الخلطي بنحل العسل علي تحسين إنتاج التقاوي في بعض محاصيل الخضر |
| 264 #0 - PRODUCTION, PUBLICATION, DISTRIBUTION, MANUFACTURE, AND COPYRIGHT NOTICE | |
| Date of production, publication, distribution, manufacture, or copyright notice | 2022. |
| 300 ## - PHYSICAL DESCRIPTION | |
| Extent | 69 pages : |
| Other physical details | illustrations ; |
| Dimensions | 25 cm. + |
| Accompanying material | CD. |
| 336 ## - CONTENT TYPE | |
| Content type term | text |
| Source | rda content |
| 337 ## - MEDIA TYPE | |
| Media type term | Unmediated |
| Source | rdamedia |
| 338 ## - CARRIER TYPE | |
| Carrier type term | volume |
| Source | rdacarrier |
| 502 ## - DISSERTATION NOTE | |
| Dissertation note | Thesis (Ph.D)-Cairo University, 2022. |
| 504 ## - BIBLIOGRAPHY, ETC. NOTE | |
| Bibliography, etc. note | Bibliography: pages 66-69. |
| 520 #3 - SUMMARY, ETC. | |
| Summary, etc. | The aim of this research is to study two factors effecting quality and efficiency of seed production in summer squash crop.<br/>1st factor was the distance between the apiary ”honey bee colonies” and the cultivated field and 2nd factor was fruit thinning treatments. This research was conducted over two consecutive seasons 2013 and 2014 in both the apiary of the Faculty of Agriculture in Giza and Experimental Research Station - Faculty of Agriculture in Saft al-Laban. The distance between the apiary and the cultivated field was less than 100 meters in the first case, ”at the apiary of Faculty of Agriculture”, and the distance between the apiary and the cultivated field was greater than 1500 meters in the case of cultivation in the experimental research station, each area contained 3 treatments to fruit thinning 0T ” without thinning” , 2T ” thinning twice” and 4T thinning four times<br/>The most important results obtained were as follows:<br/>The treatment of the cultivated field near the apiary (less than 100 meters) gave the higher results in both measurements of mature fruits, average mature of fruit weight, average of both mature fruit length, mature fruit diameter, number of mature fruits per plant and average of total mature fruit weight per plant, in both seasons. The results were significantly different. Also, in the case of studying the seed yield, the area sown near the apiary gave higher results in terms of quantity and quality of the seed crop, the average number of seeds per fruit, weight of seeds per fruit, number of seeds per fruit, weight of fruits per plant, and weight of 100 seeds, The average percentage of germination in seeds and the average total yield of seeds per fadan. With regard to the measurements of thinning treatments, whereas, the treatment 0T was the best, followed by 2T, and then 4T, but there were no significant differences between the transactions in many cases.<br/>from the previous results, It conclude that when planting squash for the purpose of producing seeds, in order to obtain the best seed crop in terms of quantity and quality, beehives must be abundant and close to the cultivated field to ensure the best pollination and to ensure the best seed yield, In addition to avoid excessive thinning treatments of the fruits |
| 520 #3 - SUMMARY, ETC. | |
| Summary, etc. | يهدف هذا البحث إلى دراسة تأثير المسافة بين المنحل ”خلايا نحل العسل” والحقل المزروع لإنتاج بذور نبات الكوسة وكذلك معاملات خف الثمار وقياس تأثير ذلك على إنتاجية البذور. تم إجراء هذا البحث على مدى موسمين متتاليين 2013 و2014 في كل من منحل كلية الزراعة بالجيزة ومحطة البحوث والتجارب - كلية الزراعة بصفط اللبن. وكانت المعاملات كالتالي:1- المسافة بين المنحل والحقل المزروع أقل من 100 متر ”بمنحل كلية الزراعة” والمسافة بين المنحل والحقل المزروع أكبر من 1500 متر في حالة الزراعة في محطة البحوث والتجارب.2- عدد 3 معاملات خف للثمار (بدون خف – خف مرتين للثمار- خف 4 مرات للثمار)كانت أهم النتائج التي تم الحصول عليها كما يلي:أعطت معاملة الحقل المزروع بالقرب من المنحل (أقل من 100 متر) نتائج أعلى في كلا من متوسطات قياسات الثمار الناضجة من حيث، وزن الثمرة ،طول الثمرة ، قطر الثمرة، متوسط عدد الثمار لكل نبات. ومتوسط الوزن الكلي للثمار الناضجة للنبات في كلا الموسمين. كانت النتائج مختلفة بشكل كبير. أيضا في حالة دراسة محصول البذور، أعطت المنطقة المزروعة بالقرب من المنحل نتائج أعلى من حيث كمية ونوعية محصول البذور، ومتوسط عدد البذور لكل ثمرة، ومتوسط وزن البذور لكل ثمرة، ومتوسط عدد البذور. لكل ثمرة، متوسط وزن الثمرة للنبات، متوسط وزن 100 بذرة، متوسط نسبة الإنبات في البذور، ومتوسط إنتاج البذور الكلي للفدان.<br/>وفيما يتعلق بمعاملات خف الثمار فقد كانت النتائج متقاربه في معاملات بدون خف والخف مرتين بشكل افضل عن معاملات الخف 4 مرات. |
| 530 ## - ADDITIONAL PHYSICAL FORM AVAILABLE NOTE | |
| Issues CD | Issues also as CD. |
| 546 ## - LANGUAGE NOTE | |
| Text Language | Text in English and abstract in Arabic & English. |
| 650 #0 - SUBJECT ADDED ENTRY--TOPICAL TERM | |
| Topical term or geographic name entry element | vegetable |
| 650 #0 - SUBJECT ADDED ENTRY--TOPICAL TERM | |
| Topical term or geographic name entry element | الخضروات |
| 653 #1 - INDEX TERM--UNCONTROLLED | |
| Uncontrolled term | cross pollination |
| -- | apiary distance |
| -- | summer squash (Cucurbita pepo L.) |
| 700 0# - ADDED ENTRY--PERSONAL NAME | |
| Personal name | Mohamed Mohamed Shaheen |
| Relator term | thesis advisor. |
| 700 0# - ADDED ENTRY--PERSONAL NAME | |
| Personal name | Hassan Ali Hassan |
| Relator term | thesis advisor. |
| 700 0# - ADDED ENTRY--PERSONAL NAME | |
| Personal name | Yasser Essam Elenany |
| Relator term | thesis advisor. |
| 900 ## - Thesis Information | |
| Grant date | 01-01-2022 |
| Supervisory body | Mohamed Mohamed Shaheen |
| -- | Hassan Ali Hassan |
| -- | Yasser Essam Elenany |
| Universities | Cairo University |
| Faculties | Faculty of Agriculture |
| Department | Department of Agricultural Sciences (Vegetable Crops). |
| 905 ## - Cataloger and Reviser Names | |
| Cataloger Name | Shimaa |
| 942 ## - ADDED ENTRY ELEMENTS (KOHA) | |
| Source of classification or shelving scheme | Dewey Decimal Classification |
| Koha item type | Thesis |
| Edition | 21 |
| Suppress in OPAC | No |
لا توجد مواد متاحة.